000 00728nam a2200205Ia 4500
003 GCL
008 140319s9999 xx 000 0 ara d
040 _aGCL /
_cGCL
082 0 4 _a150.1952
_bف ت
100 1 _aفيصل عباس
245 1 0 _aالتحليل النفسى للذات الانسانية :
_bالنظرية والممارسة /
_cفيصل عباس
260 _aبيروت :
_bدار الفكر اللبنانى ،
_c1991
300 _a248 ص ؛
_c24 سم
490 _aالتحليل النفسى الفرويدى
_v1
650 0 4 _aعلم النفس
650 0 4 _aالتحليل النفسى
650 0 4 _aعلم النفس - دراسة
650 0 4 _aعلم النفس - نظريات
942 _2ddc
_cCA4
999 _c28820
_d28820